banner koha

Nesting and foraging behaviour of the solitary bee Epanthidium tigrinum (Schrottky, 1905) bred in trap nests (Registro n. 298457)

MARC details
000 -LÍDER
fixed length control field 04416nab a2200313 i 4500
003 - CÓDIGO MARC DA AGÊNCIA CATALOGADORA
Campo de controle BR-BrBNA
005 - DATA E HORA DA ÚLTIMA ATUALIZAÇÃO
Campo de controle 20240205161600.0
008 - CAMPO DE TAMANHO FIXO
fixed length control field 240205b2023 bl.ar|pooa||| 00| 0 eng |
040 ## - FONTE DA CATALOGAÇÃO
Agência catalogadora BR-BrBNA
Idioma da catalogação eng
072 ## - CATEGORIA AGRIS
Código AGRIS L01
Código do objeto 7100
100 ## - ENTRADA PRINCIPAL - NOME PESSOAL
Nome pessoal Muniz, Vitória Inna Mary de Sousa
100 ## - ENTRADA PRINCIPAL - NOME PESSOAL
Nome pessoal Santos, Larysson Feitosa dos
100 ## - ENTRADA PRINCIPAL - NOME PESSOAL
Nome pessoal Oliveira, Pedro de Assis de
100 ## - ENTRADA PRINCIPAL - NOME PESSOAL
Nome pessoal Silveira, David Rezende da
100 ## - ENTRADA PRINCIPAL - NOME PESSOAL
Nome pessoal Freitas, Breno Magalhães
245 ## - TÍTULO PRINCIPAL
Título principal Nesting and foraging behaviour of the solitary bee Epanthidium tigrinum (Schrottky, 1905) bred in trap nests
500 ## - NOTA GERAL
Nota geral Publicação online; 29 ref.; 9 illus.; Summaries (En, Pt)
942 ## - ADDED ENTRY ELEMENTS (KOHA)
Koha item type
520 ## - NOTA DE RESUMO
Nota de conteúdo <br/><br/>ABSTRACT - The bee Epanthidium tigrinum is native to Brazil and shows potential for use in pollinating agricultural crops.<br/>However, the little information available concerning its reproductive and feeding habits has prevented any rational breeding or<br/>management of these bees. The aim of this study was to investigate their acceptance of trap nests, and their nesting and foraging<br/>behaviour, with a view to understanding the potential of the species for rational breeding. Trap nests were offered, and the females<br/>were observed for 16 months to monitor the establishment, building and closing of nests, as well as their architecture and the<br/>behaviour of the bees when searching for the resources used to build and provision the nests. The results showed that E. tigrinum<br/>performs well in trap nests; prefers cavities with a diameter of around 0.45 cm; depends on other plant resources besides pollen<br/>and nectar, such as leaves, fi bres and resins, to build its nest; and remains active throughout the year. The study concluded that the<br/>species has the potential for use in agricultural pollination programs; however the observed nesting requirements must be taken into<br/>account, both in conservation efforts and in zootechnical exploitation when breeding the bee for agricultural pollination, as both can<br/>influence the number of constructed nests and cells, and consequently, the size of the pollinator population. <br/><br/><br/>Key words: Beekeeping. Nest-building. Floral resources. Non-floral resources. Seasonality.
520 ## - NOTA DE RESUMO
Nota de conteúdo <br/><br/>RESUMO - A abelha Epanthidium tigrinum é nativa do Brasil e apresenta potencial para uso na polinização de culturas agrícolas. No<br/>entanto, a pouca informação disponível sobre seus hábitos reprodutivos e alimentares tem impedido qualquer criação ou manejo racional<br/>dessas abelhas. O objetivo deste estudo foi investigar a sua aceitação de ninhos-armadilha, e o seu comportamento de nidificação e<br/>forrageamento, com vista a compreender o potencial da espécie para a criação racional. Ninhos-armadilha foram oferecidos, e as fêmeas<br/>foram observadas por 16 meses para monitorar o estabelecimento, construção e fechamento dos ninhos, bem como suas arquiteturas e<br/>o comportamento das abelhas na busca dos recursos utilizados para a construção e provisão dos seus ninhos. Os resultados mostraram<br/>que E. tigrinum tem um bom desempenho em ninhos-armadilha; prefere cavidades com diâmetro em torno de 0,45 cm; depende de<br/>outros recursos vegetais além do pólen e do néctar, como folhas, fibras e resinas, para construir seu ninho; e permanece ativa durante<br/>todo o ano. O estudo concluiu que a espécie tem potencial para uso em programas de polinização agrícola; no entanto, as exigências<br/>de nidificação observadas devem ser levadas em consideração, tanto nos esforços de conservação quanto na exploração zootécnica<br/>quando criando a abelha para polinização agrícola, pois ambas as situações podem influenciar o número de ninhos e células construídas<br/>e, consequentemente, o tamanho da população de polinizadores.<br/><br/><br/>Palavra-chave: Criação de abelha. Construção de ninhos. Recursos florais. Recursos não florais. Sazonalidade
650 ## - ASSUNTO - THESAGRO
Cabeçalho tópico ou nome geográfico ABELHA
650 ## - ASSUNTO - THESAGRO
Cabeçalho tópico ou nome geográfico CRIAÇÃO
650 ## - ASSUNTO - THESAGRO
Cabeçalho tópico ou nome geográfico POLINIZAÇÃO
650 ## - ASSUNTO - THESAGRO
Cabeçalho tópico ou nome geográfico SAZONALIDADE
650 ## - ASSUNTO - THESAGRO
Cabeçalho tópico ou nome geográfico APICULTURA
773 0# - ENTRADA ANALÍTICA
Host Biblionumber 4290
Registro do item 275636
Imprenta Fortaleza-CE Universidade Federal do Ceará. Centro de Ciências Agrárias 2002
Outro identificador 2023-437436
Título Revista Ciência Agronômica (Brazil)
ISSN 0045-6888; 1806-6690 (on-line)
Colação v. 54 p. 1-14; (2023)
Número de controle de registro BR2023002358
856 ## - ACESSO E ENDEREÇO ELETRÔNICO
Identificador uniforme de recurso - URI https://www.scielo.br/j/rca/a/m8RYY79gvFXhpSC5GBXW5GK/?format=pdf&lang=en

Nenhum exemplar disponível.

BINAGRI

Telefone: (61)3218-2567/2388/3357/2097 - binagri@agro.gov.br

Ministério da Agricultura e Pecuária , Esplanada dos Ministérios, Bloco D, Anexo B, Brasília/DF, CEP: 70.043-900